00271nam a22001097a 4500003000500000038001300005082001800018100001900036245005700055260003000112300001900142NUST aM.Ramzan a363.0684bTWB aThe World Bank aTool Kit :A guide for horing and ../cThe world Bank aUSAbThe World Bankc2001 a136 p, :c25cm